000 00335nam a2200157Ia 4500
001 9919
008 140327s9999 xx 000 0 und d
020 _a0-85058-057-9
040 _cPK-LaUMT
082 _aR 330.091724
_bWOR-
245 _aWorld business cycles
260 _c1982
300 _a191 p.
546 _aEN
942 _cBK
999 _c10983
_d10983